Central Library OPAC University of Rajshahi

Morpho-Physiological Analysis of Grain Yield Variation in Wheat (Triticum Aestivum L.) / (Record no. 83742)

MARC details
000 -LEADER
fixed length control field 00894nam a2200241 a 4500
001 - CONTROL NUMBER
RUCL Control Number 83742
003 - CONTROL NUMBER IDENTIFIER
rucl marc code BD-RjUL
005 - DATE AND TIME OF LATEST TRANSACTION
control field 20240514131853.0
008 - FIXED-LENGTH DATA ELEMENTS--GENERAL INFORMATION
fixed length control field 240514s2001 bg a|||| m||| 00| 0 eng d
035 ## - SYSTEM CONTROL NUMBER
system control number (BD-RjUL)83742
040 ## - CATALOGING SOURCE
Original cataloging agency BD-RjUL
Language of cataloging eng
Transcribing agency BD-RjUL
Modifying agency BD-RjUL
041 ## - LANGUAGE CODE
Language code of Book eng
082 ## - DEWEY DECIMAL CLASSIFICATION NUMBER
DDC Edition number 23
Classification number 584.9
Author mark and Year ADM 2001
100 ## - MAIN ENTRY--PERSONAL NAME
Personal name Adhikary, Surja Kumar
9 (RLIN) 13010
245 10 - TITLE STATEMENT
Title Morpho-Physiological Analysis of Grain Yield Variation in Wheat (Triticum Aestivum L.) /
Statement of responsibility, etc By Surja Kumar Adhikary ;
Name of Supervisor/Co-Supervisor Supervisor : Nishit Kumar Paul
260 ## - PUBLICATION, DISTRIBUTION, ETC. (IMPRINT)
Place of publication, distribution, etc Rajshahi :
Name of publisher, distributor, etc Department of Botany, University of Rajshahi,
Date of publication, distribution, etc 2001
300 ## - PHYSICAL DESCRIPTION
Pagination xx, 264 Leaves :
Other physical details ill, ;
Dimensions 29 cm.
502 ## - DISSERTATION NOTE
Dissertation note Thesis (M. Phil.) -- Department of Botany, University of Rajshahi, 2001
504 ## - BIBLIOGRAPHY, ETC. NOTE
Bibliography, etc References : Leaves 252-264
650 ## - SUBJECT ADDED ENTRY--TOPICAL TERM
Topical term or geographic name as entry element Wheat
Form subdivision Grain
9 (RLIN) 13011
700 ## - ADDED ENTRY--SUPERVISOR/CO-SUPERVISOR NAME
Personal name Paul, Nishit Kumar, Supervisor
9 (RLIN) 2234
942 ## - ADDED ENTRY ELEMENTS (KOHA)
Source of classification or shelving scheme Dewey Decimal Classification
Koha item type Theses
Holdings
Source of classification or shelving scheme Damaged status Not for loan Collection code Permanent Location Current Location Shelving location Date of accession Source of acquisition Total Checkouts Full call number Barcode Date last seen Copy number Thesis
Dewey Decimal Classification   Not For Loan Theses Central Library, University of Rajshahi Central Library, University of Rajshahi Documentation Section 02/10/2002 Controller of Exam. R. U.   THE 584.9 ADM 2001 D2120 14/05/2024 C-I Theses